LEADER 01633nam 2200469I 450 001 9910707268303321 005 20160608085043.0 035 $a(CKB)5470000002462823 035 $a(OCoLC)951415175 035 $a(EXLCZ)995470000002462823 100 $a20160608j201603 ua 0 101 0 $aeng 135 $aurcn||||||||| 181 $ctxt$2rdacontent 182 $cc$2rdamedia 183 $acr$2rdacarrier 200 12$aA basic robotic excavator (the "Glenn digger"): description, design, and initial operation /$fSteve Bauman [and four others] 210 1$aCleveland, Ohio :$cNational Aeronautics and Space Administration, Glenn Research Center,$dMarch 2016. 215 $a1 online resource (25 pages) $ccolor illustrations 225 1 $aNASA/TM ;$v2016-218961 300 $aTitle from title screen (viewed on June 8, 2016). 300 $a"March 2016." 320 $aIncludes bibliographical references (pages 122-123). 517 $aBasic robotic excavator 606 $aAircraft performance$2nasat 606 $aHigh speed$2nasat 606 $aHovering$2nasat 606 $aThrust measurement$2nasat 606 $aWind tunnel tests$2nasat 615 7$aAircraft performance. 615 7$aHigh speed. 615 7$aHovering. 615 7$aThrust measurement. 615 7$aWind tunnel tests. 700 $aBauman$b Steve$01390068 712 02$aNASA Glenn Research Center, 801 0$bGPO 801 1$bGPO 906 $aBOOK 912 $a9910707268303321 996 $aA basic robotic excavator (the "Glenn digger"): description, design, and initial operation$93442383 997 $aUNINA LEADER 01755nas 2200541- 450 001 9910619451903321 005 20240510213015.0 011 $a2592-9364 035 $a(OCoLC)1350796142 035 $a(CKB)5860000000089267 035 $a(CONSER)--2024242534 035 $a(EXLCZ)995860000000089267 100 $a20150528a20109999 --- - 101 0 $aeng 135 $aur||||||||||| 181 $ctxt$2rdacontent 182 $cc$2rdamedia 183 $acr$2rdacarrier 200 00$aLatvijas Universit?tes ?urn?ls$iJuridisk? zin?tne 210 1$a[R?ga] :$cLatvijas Universit?te,$d[2010]- 215 $a1 online resource 300 $aSome issues have also a distinctive title. 311 08$aPrint version: Latvijas Universit?tes ?urn?ls. (DLC) 2019209603 (OCoLC)910234338 1691-7677 517 1 $aJournal of the University of Latvia. 517 3 $aJuridisk? zin?tne 517 3 $aLaw 606 $aLaw reviews$zLatvia$zR?ga 606 $aLaw$zLatvia$vPeriodicals 606 $aRevues de droit$zLettonie$zRiga 606 $aDroit$zLettonie$vPériodiques 606 $aLaw reviews$2fast 606 $aLaw$2fast 607 $aLatvia$zRi?ga$2fast$1https://id.oclc.org/worldcat/entity/E39PBJjd8JCQkGK9X4JtGFPmh3 607 $aLatvia$2fast$1https://id.oclc.org/worldcat/entity/E39PBJkHq9jXxgkrpmbV4KjDMP 608 $aPeriodicals$2fast 608 $aLaw reviews.$2lcgft 615 0$aLaw reviews 615 0$aLaw 615 6$aRevues de droit 615 6$aDroit 615 7$aLaw reviews 615 7$aLaw 676 $a340 712 02$aLatvijas Universit?te (1990- ), 906 $aJOURNAL 912 $a9910619451903321 996 $aLatvijas Universit?tes ?urn?ls$92962021 997 $aUNINA